000
00214 a2200097 4500
001
47132
100
_a
Forester C
245
_a
Hunting the Bismarck
260
_a
London
_b
Michael Joseph
_c
090
_c
30190
_d
30190
942
_a
NUST-CAE
_c
M
_c
22437
999
_c
282205
_d
282205